Southville International School and Colleges
Your cart is empty.
  • Cart
  • Lists
    Public lists Eva Luna New books Lux_list list_1
    Your lists Log in to create your own lists
  • Log in to your account
  • Your cookies
  • Search history
Southville International School and Colleges
  • Advanced search
  • Recent comments
  • Most popular
  • Libraries

Log in to your account

Log in with GOOGLE


If you do not have an external account, but do have a local account, you can still log in:

  1. Home
  2. MARC view: Preferences of Korean students on the teaching styles of Korea School and Southville International School teachers /
Normal view MARC view ISBD view

Preferences of Korean students on the teaching styles of Korea School and Southville International School teachers / (Record no. 96878)

[ view plain ]
MARC details
000 -LEADER
fixed length control field 00819nam a2200217 a 4500
003 - CONTROL NUMBER IDENTIFIER
control field 0
005 - DATE AND TIME OF LATEST TRANSACTION
control field 20250424085923.0
008 - FIXED-LENGTH DATA ELEMENTS--GENERAL INFORMATION
fixed length control field 970114s19uu xx 00 eng d
050 ## - LIBRARY OF CONGRESS CALL NUMBER
Classification number PGS LC 1090
Item number .K49 2003
100 ## - MAIN ENTRY--PERSONAL NAME
Personal name Kim, Bom E
245 ## - TITLE STATEMENT
Title Preferences of Korean students on the teaching styles of Korea School and Southville International School teachers /
Statement of responsibility, etc Bom E. Kim.
260 ## - PUBLICATION, DISTRIBUTION, ETC. (IMPRINT)
Place of publication, distribution, etc Las Piñas City, Philippines :
Name of publisher, distributor, etc Southville International School and Colleges,
Date of publication, distribution, etc 2003.
300 ## - PHYSICAL DESCRIPTION
Extent 23 pages :
Other physical details illustrations ;
Dimensions 28 cm.
504 ## - BIBLIOGRAPHY, ETC. NOTE
Bibliography, etc Includes bibliographical references.
650 ## - SUBJECT ADDED ENTRY--TOPICAL TERM
Topical term or geographic name as entry element Teaching
Form subdivision Cross-cultural studies.
650 ## - SUBJECT ADDED ENTRY--TOPICAL TERM
Topical term or geographic name as entry element Comparative education.
650 ## - SUBJECT ADDED ENTRY--TOPICAL TERM
Topical term or geographic name as entry element Teacher effectiveness.
650 ## - SUBJECT ADDED ENTRY--TOPICAL TERM
Topical term or geographic name as entry element Teaching styles.
650 ## - SUBJECT ADDED ENTRY--TOPICAL TERM
Topical term or geographic name as entry element Korean students
Form subdivision Education
Geographic subdivision Philippines.
942 ## - ADDED ENTRY ELEMENTS (KOHA)
Source of classification or shelving scheme Library of Congress Classification
Koha item type PASS
Holdings
Withdrawn status Lost status Source of classification or shelving scheme Damaged status Home library Current library Shelving location Date acquired Source of acquisition Total Checkouts Full call number Barcode Date last seen Price effective from Koha item type
    Library of Congress Classification   Luxembourg Library Luxembourg Library Portfolio Assessment of SISC Students Section 05/19/2003 Donation   PGS LC 1090 .K49 2003 P0875 04/08/2014 04/08/2014 PASS

Preferences of Korean students on the teaching styles of Korea School and Southville International School teachers /

APA

Kim B. E., . (2003). Preferences of Korean students on the teaching styles of Korea School and Southville International School teachers. Las Piñas City, Philippines: Southville International School and Colleges.

Chicago

Kim Bom E, . 2003. Preferences of Korean students on the teaching styles of Korea School and Southville International School teachers. Las Piñas City, Philippines: Southville International School and Colleges.

Harvard

Kim B. E., . (2003). Preferences of Korean students on the teaching styles of Korea School and Southville International School teachers. Las Piñas City, Philippines: Southville International School and Colleges.

MLA

Kim Bom E, . Preferences of Korean students on the teaching styles of Korea School and Southville International School teachers. Las Piñas City, Philippines: Southville International School and Colleges. 2003.

  • Print
  • Cite
  • Add to your cart (remove)
  • Save record
    BIBTEX Dublin Core MARCXML MARC (non-Unicode/MARC-8) MARC (Unicode/UTF-8) MARC (Unicode/UTF-8, Standard) MODS (XML) RIS
  • More searches
    Search for this title in:
    Other Libraries (WorldCat) Other Databases (Google Scholar) Online Stores (Bookfinder.com) Open Library (openlibrary.org)

Exporting to Dublin Core...

SOUTHVILLE LIBRARY

Southville International School and Colleges Library

1281 Tropical Ave. Cor. Luxembourg St., BF Homes International, Las Pinas City

Tel. No. 8256374 / 252358 Loc. 117/146

Powered by Koha